Les animaux domestiques en France - Mammifères - Statistiques

Statistiques générales
  • Ce quiz a été pris 189 fois
  • Le résultat moyen est 13 sur 24
Statistiques - réponses
Hint Réponse % Correct
FELIDE Chat
99%
CANIDE Chien
99%
EQUIDES Cheval
84%
BOVIDES Boeuf | Vache
83%
LEPORIDES Lapin
77%
MURIDES Souris
76%
BOVIDES Chèvre
75%
MURIDES Rat
75%
MURIDES Hamster
73%
BOVIDES Mouton | Brebis
71%
EQUIDES Ane
69%
CHINCHILLIDE Chinchilla
58%
CAVIIDES Cochon d'Inde
57%
CAMELIDES Chameau
41%
CAMELIDES Dromadaire
39%
MUSTELIDE Furet
39%
SUIDE Porc
36%
CAMELIDES Lama
35%
CAMELIDES Alpaga
19%
BOVIDES Buffle
18%
MURIDES Gerbille
14%
BOVIDES Zébu
13%
CERVIDE Renne
12%
BOVIDES Yack
9%
Aucun quiz correspondant
Distribution des résultats
% des personnes avec chaque résultat
Percentile par nombre de réponses
Votre historique - résultats
Vous n’avez pas pris ce quiz